Psychology and environment / (Record no. 1407)

MARC details
000 -LEADER
fixed length control field 00711nam a22002177a 4500
003 - CONTROL NUMBER IDENTIFIER
control field BD-DhJNU
005 - DATE AND TIME OF LATEST TRANSACTION
control field 20250227063039.0
008 - FIXED-LENGTH DATA ELEMENTS--GENERAL INFORMATION
fixed length control field 250227b |||||||| |||| 00| 0 eng d
020 ## - INTERNATIONAL STANDARD BOOK NUMBER
International Standard Book Number 0803917899
020 ## - INTERNATIONAL STANDARD BOOK NUMBER
International Standard Book Number 0803917902
040 ## - CATALOGING SOURCE
Original cataloging agency BD-DhJNU
Language of cataloging ENG
Transcribing agency BD-DhJNU
Modifying agency BD-DhJNU
082 ## - DEWEY DECIMAL CLASSIFICATION NUMBER
Edition number 23
Classification number 155.9 LEP
100 ## - MAIN ENTRY--PERSONAL NAME
Personal name Levy-Leboyer, Claude
245 ## - TITLE STATEMENT
Title Psychology and environment /
Statement of responsibility, etc. Claude Levy-Leboyer ; translated by David Canter and Ian Griffiths
260 ## - PUBLICATION, DISTRIBUTION, ETC.
Place of publication, distribution, etc. Beverly Hills :
Name of publisher, distributor, etc. Sage Publications,
Date of publication, distribution, etc. 1982.
300 ## - PHYSICAL DESCRIPTION
Extent 197p. :
Other physical details ill. ;
Dimensions 22 cm.
504 ## - BIBLIOGRAPHY, ETC. NOTE
Bibliography, etc. note Includes bibliographies
650 ## - SUBJECT ADDED ENTRY--TOPICAL TERM
Topical term or geographic name entry element Environmental psychology
700 ## - ADDED ENTRY--PERSONAL NAME
Personal name Griffiths, David Canter and Ian
Relator term translator
942 ## - ADDED ENTRY ELEMENTS (KOHA)
Source of classification or shelving scheme Dewey Decimal Classification
Koha item type Books
Suppress in OPAC No
Holdings
Withdrawn status Lost status Source of classification or shelving scheme Damaged status Not for loan Collection Home library Current library Shelving location Date acquired Source of acquisition Total checkouts Full call number Barcode Date last seen Copy number Price effective from Koha item type
    Dewey Decimal Classification     Non-fiction Jagannath University Central Library Jagannath University Central Library General stacks 02/27/2025 Purchased   155.9 LEP JNUCL6368 02/27/2025 1 02/27/2025 Books